BUBT Library Online Catalog

Theory And Problems Macroeconomics (Record no. 2655)

000 -LEADER
fixed length control field 00576nam a2200229Ia 4500
003 - CONTROL NUMBER IDENTIFIER
control field BUBTL
008 - FIXED-LENGTH DATA ELEMENTS--GENERAL INFORMATION
fixed length control field 151213s9999 xx 000 0 und d
020 ## - INTERNATIONAL STANDARD BOOK NUMBER
International Standard Book Number 0-07-017053-3
082 ## - DEWEY DECIMAL CLASSIFICATION NUMBER
Classification number 339.3076DIM
100 ## - MAIN ENTRY--PERSONAL NAME
Personal name Diulio,Eugene
9 (RLIN) 286
245 ## - TITLE STATEMENT
Title Theory And Problems Macroeconomics
250 ## - EDITION STATEMENT
Edition statement 3rd
260 ## - PUBLICATION, DISTRIBUTION, ETC. (IMPRINT)
Place of publication, distribution, etc. New York
Name of publisher, distributor, etc. McGraw -Hill
Date of publication, distribution, etc. c2005
300 ## - PHYSICAL DESCRIPTION
Extent [vii],333p.
Dimensions 26cm.
650 ## - SUBJECT ADDED ENTRY--TOPICAL TERM
Topical term or geographic name as entry element Economics
650 ## - SUBJECT ADDED ENTRY--TOPICAL TERM
Topical term or geographic name as entry element Economics
700 ## - ADDED ENTRY--PERSONAL NAME
Personal name Diulio,Eugene
9 (RLIN) 286
760 ## - MAIN SERIES ENTRY
Edition 3rd
856 ## - ELECTRONIC LOCATION AND ACCESS
Password 0
Logon 0
Link text Download
942 ## - ADDED ENTRY ELEMENTS (KOHA)
Source of classification or shelving scheme
Koha item type Books
Holdings
Withdrawn status Lost status Source of classification or shelving scheme Damaged status Not for loan Collection code Permanent location Current location Shelving location Date acquired Inventory number Total Checkouts Full call number Barcode Date last seen Copy number Price effective from Koha item type Total Renewals Date last checked out
        Not For Loan Non-fiction Bangladesh University of Business and Technology Library Bangladesh University of Business and Technology Library Economics Stacks 11/19/2002 1193   339.3076DIM BUBTL-20031193 08/08/2017 C-1 08/08/2017 Books    
          Non-fiction Bangladesh University of Business and Technology Library Bangladesh University of Business and Technology Library Economics Stacks 11/19/2002 1192 2 339.3076DIM BUBTL-20031192 02/24/2020 C-2 08/08/2017 Books 2 02/09/2020
          Non-fiction Bangladesh University of Business and Technology Library Bangladesh University of Business and Technology Library Economics Stacks 11/19/2002 1191   339.3076DIM BUBTL-20031191 08/08/2017 C-3 08/08/2017 Books    
          Non-fiction Bangladesh University of Business and Technology Library Bangladesh University of Business and Technology Library Economics Stacks 11/19/2002 1195 5 339.3076DIM BUBTL-20031195 09/18/2023 C-4 08/08/2017 Books 3 09/12/2023
          Non-fiction Bangladesh University of Business and Technology Library Bangladesh University of Business and Technology Library Economics Stacks 03/03/2020 4129   339.3076DIM BUBTL-20034129 03/03/2020 C-5 03/03/2020 Books    

More Information About Library

Library Hours

  • Open: 9.00 am. to 9.00 pm.
  • Only Sunday: 9.00 am. to 6.00 pm.
  • Closed: Holiday

Contact to the University

Bangladesh University of Business and Technology Library

  • Mirpurl-2, 1216.
  • Phone:
  • Fax:
  • E-Mail: admin.library@bubt.edu.bd

Contact to the Library

Contact Person:

Md. Abdul Hakim Shah
Joint Librarian
PABX No:  113
Cell No: 01816332931
E-mail: official: admin.library@bubt.edu.bd
Personal: hakim.shah@bubt.edu.bd


BUBT Library

Copyright © 2021